| 000 | 00739 a2200241 4500 | ||
|---|---|---|---|
| 003 | CBULib | ||
| 005 | 20241106090201.0 | ||
| 008 | 241105b |||||||| |||| 00| 0 eng d | ||
| 020 | _a9781119328148 | ||
| 040 |
_bEnglish _cCBULib _erda |
||
| 050 | _aNA 2790 New | ||
| 100 | _aBryant, Chris | ||
| 245 |
_aNew modes : redefining practice _c/ edited by Chris Bryant |
||
| 260 |
_bWiley, _c2018 _aNewark : |
||
| 300 | _a136 pages : color illustrations | ||
| 336 |
_2rdacontent _aText | _btxt |
||
| 337 |
_2rdamedia _aUnmediated | _bn |
||
| 338 |
_2rdacarrier _aVolume _bnc |
||
| 650 | 0 |
_93990 _aFACETED APPLICATION OF SUBJECT TERMINOLOGY |
|
| 650 | 0 |
_93993 _aARCHITECTURAL MODELS |
|
| 650 | 0 |
_93991 _aARCHITECTURAL MODELS |
|
| 942 |
_2lcc _c002 |
||
| 999 |
_c85693 _d85693 |
||